| 000 | 00798cam a22002651 4500 | ||
|---|---|---|---|
| 999 |
_c23719 _d23719 |
||
| 001 | 6586561 | ||
| 003 | BDDh-ASL | ||
| 005 | 20231015030258.0 | ||
| 008 | 760903s1984 ii b 000 0beng | ||
| 010 | _asa 65005025 | ||
| 035 | _a(OCoLC)2412973 | ||
| 040 |
_aDLC _cTxU _dDLC _dBDDh-ASL |
||
| 041 | 1 | _aengara | |
| 042 | _apremarc | ||
| 050 | 0 | 0 |
_aD116.7.I3 _bI5 1962 |
| 082 |
_a921.9 _bENI |
||
| 100 | 1 |
_aEnan, Mohammad Abdulah _93603 |
|
| 245 | 1 | 0 |
_aIbn Khaldūn, his life and work / _cby Mohammad Abdullah Enan. Translated from the Arabic. |
| 260 |
_aNew Delhi: _c1984. _bKitab Bhavan, |
||
| 300 |
_aviii, 193 p. : _c22 cm. |
||
| 504 | _aBibliography: p. [190]-193. | ||
| 600 | 0 | 0 |
_aIbn Khaldūn, _d1332-1406. |
| 906 |
_a7 _bcbc _coclcrpl _du _encip _f19 _gy-gencatlg |
||
| 942 |
_2ddc _cBK |
||